000 00483nam a2200169Ia 4500
003 GCL
005 20240530104659.0
008 140319s9999 xx 000 0 ara d
040 _aGCL /
_cGCL
082 0 4 _a030
_bم د
100 1 _aمحمد فريد وجدى
245 1 0 _aدائرة معارف القرن العشرين /
_cمحمد فريد وجدى
260 _a[S.N] :
_bدار المعرفة
300 _a800 ص
650 0 4 _aدوائر المعارف
942 _2ddc
_cBK
999 _c49792
_d49792